| 000 | 004350000a22001690004500 | ||
|---|---|---|---|
| 003 | MACL | ||
| 005 | 20150725170136.0 | ||
| 008 | 150725b xxu||||| |||| 00| 0 eng d | ||
| 040 |
_aMACL _cMACL |
||
| 041 | _aEnglish | ||
| 082 | _a330/HOP | ||
| 100 |
_aCain, P.J. _92431 |
||
| 245 | _aBritish Imperialism Crisis And Deconstruction 1914 1̜990 | ||
| 260 |
_bLongman _c1993 _aNew York |
||
| 650 |
_aEconomics _92432 |
||
| 942 |
_cBK _k330 _2ddc |
||
| 999 |
_c3660 _d3660 |
||